[Event "Astana Zhuldyzdary Open A"]
[Site "Astana KAZ"]
[Date "2023.07.15"]
[Round "6.28"]
[White "Arestanov, Timur"]
[Black "Suyarov, Mukhammadzokhid"]
[Result "1-0"]
[WhiteTitle "FM"]
[BlackTitle "FM"]
[WhiteElo "2216"]
[BlackElo "2366"]
[WhiteFideId "13701304"]
[BlackFideId "14210495"]
[EventDate "2023.07.11"]

1. d4 Nf6 2. c4 e6 3. g3 c5 4. d5 exd5 5. cxd5 d6 6. Nc3 g6 7. Bg2 Bg7 8. Nf3
O-O 9. O-O a6 10. a4 Re8 11. Re1 Ne4 12. Nxe4 Rxe4 13. Qc2 Rb4 14. Ra2 a5 15.
Nd2 b6 16. b3 Na6 17. Nc4 Rb8 18. Bf4 Qd7 19. e4 Rxc4 20. Qxc4 Nb4 21. Rd2 Ba6
22. Qc1 Nd3 23. Rxd3 Bxd3 24. e5 dxe5 25. Bxe5 Bxe5 26. Rxe5 c4 27. Qe3 Rc8 28.
Re7 Qf5 29. d6 cxb3 30. d7 Rf8 31. Qxb6 Bc4 32. Be4 Qh3 33. Bg2 Qf5 34. h4 Qd3
35. Qc5 b2 36. Re8 b1=Q+ 37. Kh2 Qb4 38. Rxf8+ Kg7 39. Qxb4 Qxd7 40. Qxc4 1-0

[Event "Astana Zhuldyzdary Open A"]
[Site "Astana KAZ"]
[Date "2023.07.15"]
[Round "6.29"]
[White "Bolat, Inayat"]
[Black "Sapenov, Daniyal"]
[Result "0-1"]
[BlackTitle "FM"]
[WhiteElo "2085"]
[BlackElo "2329"]
[WhiteFideId "13733125"]
[BlackFideId "13728911"]
[EventDate "2023.07.11"]

1. e4 e5 2. Nf3 Nc6 3. Bb5 a6 4. Ba4 Nf6 5. O-O b5 6. Bb3 Bc5 7. a4 Rb8 8. c3 d6
9. d4 Bb6 10. axb5 axb5 11. Qd3 O-O 12. Bg5 h6 13. Bxf6 Qxf6 14. Qxb5 Ne7 15.
dxe5 Qf4 16. Qe2 dxe5 17. Nbd2 Ng6 18. Rfe1 Qf6 19. Nc4 Nf4 20. Qf1 Nh3+ 21.
gxh3 Qxf3 22. Nxe5 Qh5 23. Ng4 Bxg4 24. hxg4 Qxg4+ 25. Qg2 Bxf2+ 26. Kxf2 Qf4+
27. Kg1 Rxb3 28. Re2 Rb5 29. Rf1 Qd6 30. Kh1 Rg5 31. Qf3 Qe6 32. Rg1 Rxg1+ 33.
Kxg1 Rd8 34. Qf5 Qc4 35. Rf2 g6 36. Qf3 Re8 37. Re2 Re5 38. h3 Kg7 39. Qf4 Rg5+
40. Rg2 Rh5 41. Kh2 Qe6 42. Qf3 Re5 43. Qf4 Qe7 44. Re2 f5 45. b4 fxe4 46. c4 e3
47. Qd4 Kh7 48. b5 h5 49. b6 Re4 50. Qb2 Qd6+ 51. Kg2 cxb6 52. Qb3 h4 53. Rxe3
Qd2+ 54. Kf3 Rxe3+ 55. Qxe3 Qxe3+ 56. Kxe3 g5 57. Ke4 Kg6 0-1

[Event "Astana Zhuldyzdary Open A"]
[Site "Astana KAZ"]
[Date "2023.07.15"]
[Round "6.30"]
[White "Moldagali, Beksultan"]
[Black "Radzhabov, Rodion"]
[Result "1/2-1/2"]
[BlackTitle "FM"]
[WhiteElo "2050"]
[BlackElo "2303"]
[WhiteFideId "13734768"]
[BlackFideId "884715"]
[EventDate "2023.07.11"]

1. e4 c5 2. Nc3 Nc6 3. g3 g6 4. Bg2 Bg7 5. d3 e6 6. Be3 Nd4 7. Qd2 Ne7 8. Nd1 e5
9. c3 Ne6 10. Bh6 Bxh6 11. Qxh6 b6 12. Ne2 Ba6 13. Qd2 Qc7 14. Ne3 Qd6 15. Rd1
h5 16. h4 O-O-O 17. Nd5 Bb7 18. d4 Nxd5 19. exd5 exd4 20. c4 Qe5 21. O-O Nc7 22.
b4 d6 23. Nf4 Rhe8 24. a4 Na6 25. bxc5 dxc5 26. a5 Nb4 27. axb6 axb6 28. Rb1 Qd6
29. Rfe1 Na6 30. Qb2 Kc7 31. Qb5 1/2-1/2

[Event "Astana Zhuldyzdary Open A"]
[Site "Astana KAZ"]
[Date "2023.07.15"]
[Round "6.31"]
[White "Bizhigitov, Zhangir"]
[Black "Assylov, Miras"]
[Result "0-1"]
[WhiteTitle "FM"]
[WhiteElo "2255"]
[BlackElo "2012"]
[WhiteFideId "13725599"]
[BlackFideId "13728873"]
[EventDate "2023.07.11"]

1. e4 e5 2. Nf3 Nc6 3. Bb5 a6 4. Ba4 Nf6 5. O-O Be7 6. Re1 b5 7. Bb3 O-O 8. d4
d6 9. c3 Bg4 10. Be3 Bh5 11. Nbd2 Na5 12. Bc2 Ng4 13. Nf1 exd4 14. cxd4 Nxe3 15.
Nxe3 Re8 16. g4 Bg6 17. Nf5 Bxf5 18. gxf5 c5 19. Qd3 Nc6 20. f6 Nb4 21. fxe7 Qc8
22. Qe2 Nxc2 23. Qxc2 Qg4+ 24. Kf1 Qxf3 25. dxc5 Rxe7 26. Rad1 Qh1+ 27. Ke2
Qxe4+ 28. Qxe4 Rxe4+ 29. Kf3 Rxe1 30. Rxe1 dxc5 31. Re7 Kf8 32. Rc7 c4 33. a4
Rd8 34. Rc6 Rd2 35. Rxa6 Rxb2 36. axb5 Rxb5 37. Rc6 Rb3+ 38. Kg4 Rb2 39. Kg3 Rc2
40. Rc7 g6 41. f3 c3 42. h4 h6 43. Kf4 Rc1 44. Kg3 Kg7 45. Rc6 c2 46. Kg2 g5 47.
hxg5 hxg5 48. Rc7 Kf6 49. Rc8 Ke6 50. Rc6+ Kd5 51. Rc8 f5 52. Rd8+ Ke6 53. Rc8
f4 0-1

[Event "Astana Zhuldyzdary Open A"]
[Site "Astana KAZ"]
[Date "2023.07.15"]
[Round "6.32"]
[White "Abdilkhair, Abilmansur"]
[Black "Sarzhanov, Chingizkhan"]
[Result "1/2-1/2"]
[WhiteTitle "FM"]
[WhiteElo "2248"]
[BlackElo "1889"]
[WhiteFideId "13716417"]
[BlackFideId "13724991"]
[EventDate "2023.07.11"]

1. e4 e5 2. Nf3 Nc6 3. d4 exd4 4. Nxd4 Bc5 5. Be3 Qf6 6. c3 Nge7 7. Bc4 Qg6 8.
O-O O-O 9. Nd2 Bb6 10. Kh1 Nxd4 11. cxd4 d5 12. exd5 Rd8 13. Nf3 Bg4 14. Ne5
Bxd1 15. Nxg6 hxg6 16. Bg5 Be2 17. Bxe2 f6 18. Bc4 Nxd5 19. Be3 Kf8 1/2-1/2

[Event "Astana Zhuldyzdary Open A"]
[Site "Astana KAZ"]
[Date "2023.07.15"]
[Round "6.33"]
[White "Kuziev, Miraziz"]
[Black "Sisabayev, Kuanysh"]
[Result "1-0"]
[BlackTitle "FM"]
[WhiteElo "2049"]
[BlackElo "2235"]
[WhiteFideId "14215772"]
[BlackFideId "13702718"]
[EventDate "2023.07.11"]

1. d4 Nf6 2. c4 d6 3. Nf3 g6 4. Nc3 Bg7 5. g3 O-O 6. Bg2 c5 7. dxc5 dxc5 8. O-O
Nc6 9. Be3 Qa5 10. Qa4 Qxa4 11. Nxa4 b6 12. Ne1 Bd7 13. Rd1 Rac8 14. Nc3 Bf5 15.
h3 Nd7 16. Bd2 Nde5 17. b3 Rfd8 18. Nd5 Kf8 19. f4 Nd7 20. e4 Be6 21. g4 Nd4 22.
Nf3 Nxf3+ 23. Bxf3 Nb8 24. f5 Bxd5 25. exd5 Nd7 26. fxg6 hxg6 27. Be4 Kg8 28.
Kg2 Nf6 29. Bc2 Ne8 30. h4 Nd6 31. h5 gxh5 32. gxh5 b5 33. Bd3 bxc4 34. bxc4 Rb8
35. Rb1 Bd4 36. Bg5 f6 37. Bf4 Rb4 38. Rxb4 cxb4 39. Rf3 Kh8 40. Be3 Be5 41. Rf2
a5 42. c5 Ne8 43. Bc4 Nc7 44. Rd2 a4 45. Kf3 Ne8 46. Ke4 Rb8 47. Bd4 b3 48. axb3
Rb4 49. Bxe5 fxe5 50. Kd3 axb3 51. Rb2 Nf6 52. Kc3 Rb8 53. Bxb3 Ne4+ 54. Kc4 Ra8
55. c6 Nd6+ 56. Kc5 Rb8 57. c7 Rb7 58. Kc6 Rb4 59. Kd7 1-0

[Event "Astana Zhuldyzdary Open A"]
[Site "Astana KAZ"]
[Date "2023.07.15"]
[Round "6.34"]
[White "Kvan, Andrey"]
[Black "Kaliakhmet, Elnaz"]
[Result "1-0"]
[BlackTitle "WFM"]
[WhiteElo "2228"]
[BlackElo "1818"]
[WhiteFideId "13701738"]
[BlackFideId "13730169"]
[EventDate "2023.07.11"]

1. f4 d5 2. Nf3 c5 3. e3 Nf6 4. b3 g6 5. Bb2 Bg7 6. Be2 O-O 7. O-O Nc6 8. Ne5
Qc7 9. Bf3 Be6 10. Nxc6 Qxc6 11. d3 Ne8 12. Bxg7 Nxg7 13. Qe2 Qc7 14. g3 Rad8
15. Nd2 Bh3 16. Rfc1 e5 17. Qf2 Rfe8 18. e4 exf4 19. exd5 h5 20. Ne4 Qe5 21. Re1
Kh8 22. Nxc5 Qc7 23. c4 fxg3 24. hxg3 f5 25. b4 f4 26. Ne4 Rf8 27. d6 Rxd6 28.
Nxd6 Qxd6 29. Qc5 Qf6 30. Qe5 Qb6+ 31. c5 Qxb4 32. Rab1 Qd2 33. Rxb7 Rg8 34. Rd1
Qxa2 35. Ra1 Qc2 36. Rxg7 Rxg7 37. Rxa7 Qc1+ 38. Kh2 fxg3+ 39. Kxh3 Qf1+ 40. Bg2 1-0

[Event "Astana Zhuldyzdary Open A"]
[Site "Astana KAZ"]
[Date "2023.07.15"]
[Round "6.35"]
[White "Tleukhanov, Yerlan"]
[Black "Begmuratov, Khumoyun"]
[Result "0-1"]
[BlackTitle "FM"]
[WhiteElo "1853"]
[BlackElo "2391"]
[WhiteFideId "13749692"]
[BlackFideId "14210207"]
[EventDate "2023.07.11"]

1. e4 e5 2. Nf3 Nc6 3. Bb5 a6 4. Ba4 Nf6 5. O-O Be7 6. Re1 b5 7. Bb3 d6 8. c3
O-O 9. h3 Bb7 10. d4 Re8 11. Ng5 Rf8 12. Nf3 Nd7 13. Nbd2 Bf6 14. Nf1 exd4 15.
cxd4 Na5 16. Bc2 Re8 17. Ng3 g6 18. Bd2 Nc4 19. Bc3 c5 20. Bb3 cxd4 21. Bxd4
Ncb6 22. Rc1 Rc8 23. Rxc8 Nxc8 24. Qd2 Bxd4 25. Qxd4 Nc5 26. Bd5 Bxd5 27. exd5
Rxe1+ 28. Nxe1 Nd7 29. Nd3 Qf6 30. Qe3 Ncb6 31. Ne4 Qe7 32. Qd4 f5 33. Nc3 Nc5
34. g3 Nc4 35. Nxc5 dxc5 36. Qd1 Qe5 37. b3 Nd6 38. Qd2 Kg7 39. Ne2 Kf6 40. Nf4
g5 41. Ng2 h6 42. Ne3 Ne4 43. Qa5 Qd6 44. a4 f4 45. Ng4+ Kg6 46. axb5 h5 47.
bxa6 fxg3 48. f3 hxg4 49. Qe1 Nf2 50. Qe8+ Kg7 51. hxg4 Qxa6 52. Qe7+ Kg6 53.
Qe8+ Kf6 54. Qh8+ Ke7 55. Qg7+ Ke8 56. Qg8+ Kd7 57. Qf7+ Kc8 58. Qe8+ Kc7 59.
Qe7+ Kb6 60. Qd6+ Kb5 61. Qb8+ Ka5 62. Kg2 Qe2 63. Qa7+ Kb4 64. Qb6+ Kc3 65.
Qxc5+ Kb2 66. Qd4+ Kb1 67. Kxg3 Nh1+ 68. Kh3 Qxf3+ 69. Kh2 Nf2 70. Kg1 Ne4 71.
d6 Qxg4+ 72. Kh2 Qg3+ 73. Kh1 Nf2+ 0-1

[Event "Astana Zhuldyzdary Open A"]
[Site "Astana KAZ"]
[Date "2023.07.15"]
[Round "6.36"]
[White "Dumanuly, Sultanbeibarys"]
[Black "Tyurin, Artem"]
[Result "1-0"]
[BlackTitle "FM"]
[WhiteElo "1833"]
[BlackElo "2342"]
[WhiteFideId "13731963"]
[BlackFideId "44130112"]
[EventDate "2023.07.11"]

1. e4 e6 2. d4 d5 3. Nd2 Be7 4. Ngf3 Nf6 5. Bd3 c5 6. dxc5 Bxc5 7. O-O Nc6 8. e5
Nd7 9. Qe2 Qc7 10. Nb3 Be7 11. Re1 a6 12. c3 g5 13. Bxg5 Bxg5 14. Nxg5 Ndxe5 15.
Nd4 Qe7 16. f4 Ng6 17. Qd2 Rg8 18. Nf5 Qc5+ 19. Kh1 Bd7 20. b4 Qb6 21. Nd6+ Ke7
22. Ndxf7 Rgf8 23. f5 1-0

[Event "Astana Zhuldyzdary Open A"]
[Site "Astana KAZ"]
[Date "2023.07.15"]
[Round "6.37"]
[White "Khamdamova, Afruza"]
[Black "Shonazarov, Orash"]
[Result "1/2-1/2"]
[WhiteTitle "WFM"]
[WhiteElo "2222"]
[BlackElo "2018"]
[WhiteFideId "14210444"]
[BlackFideId "13737910"]
[EventDate "2023.07.11"]

1. e4 e5 2. Nf3 Nc6 3. Bb5 a6 4. Ba4 d6 5. O-O Bd7 6. c3 Nge7 7. d4 Ng6 8. Be3
Be7 9. Nbd2 h6 10. Re1 Bg5 11. Nf1 Bxe3 12. Nxe3 O-O 13. Bc2 Re8 14. Qd2 Qc8 15.
Nf5 Nce7 16. Nxh6+ gxh6 17. Qxh6 f6 18. dxe5 dxe5 19. Re3 Rf8 20. Nh4 Nxh4 21.
Bb3+ Be6 22. Qxh4 Bxb3 23. Qh5 Rf7 24. axb3 Rg7 25. Rd1 Qg4 26. Qxg4 Rxg4 27.
Rd7 Nc6 28. Rxc7 Rd8 29. h3 Rg7 30. Rg3 Rxg3 31. fxg3 Rd1+ 32. Kf2 Nd8 33. b4
Kf8 34. Kf3 Rb1 35. h4 Rxb2 36. h5 Rb1 37. g4 b5 38. g5 fxg5 39. Kg4 Ne6 40. Ra7
Rf1 41. h6 Kg8 42. h7+ Kh8 43. Rxa6 Rf6 44. Ra7 Rf4+ 45. Kh5 Rxe4 46. Kg6 Nf8+
47. Kxg5 Rf4 48. Re7 Nxh7+ 49. Kh6 Rh4+ 50. Kg6 Nf8+ 51. Kg5 Re4 52. Re8 Kg7 53.
Kf5 Rf4+ 54. Kxe5 Ng6+ 55. Kd6 Rc4 56. Rb8 Rxc3 57. Rxb5 1/2-1/2

[Event "Astana Zhuldyzdary Open A"]
[Site "Astana KAZ"]
[Date "2023.07.15"]
[Round "6.38"]
[White "Voinikonis, Nikita"]
[Black "Amangeldy, Ernur"]
[Result "1/2-1/2"]
[WhiteTitle "FM"]
[WhiteElo "2133"]
[BlackElo "1932"]
[WhiteFideId "34187500"]
[BlackFideId "13720244"]
[EventDate "2023.07.11"]

1. Nf3 d5 2. e3 Nf6 3. c4 g6 4. cxd5 Nxd5 5. d4 Bg7 6. e4 Nb6 7. h3 O-O 8. Nc3
c5 9. d5 e6 10. d6 Nc6 11. Be3 Nd4 12. Nxd4 cxd4 13. Bxd4 Qxd6 14. Bxg7 Qxd1+
15. Rxd1 Kxg7 16. f4 Bd7 17. Be2 Bc6 18. Kf2 e5 19. fxe5 Rfe8 20. Rd4 Rxe5 21.
Rhd1 Rae8 22. Bf3 Nc8 23. Rd8 Kf8 24. Rxe8+ Kxe8 25. Bg4 Ne7 26. Rd4 Rc5 27. Be2
Kf8 28. Bc4 Re5 29. b4 f5 30. exf5 Nxf5 31. Rd8+ Ke7 32. Rh8 h5 33. Rh7+ Kd6 1/2-1/2

[Event "Astana Zhuldyzdary Open A"]
[Site "Astana KAZ"]
[Date "2023.07.15"]
[Round "6.39"]
[White "Lupolov, Boris"]
[Black "Goganova, Yana"]
[Result "1/2-1/2"]
[BlackTitle "WFM"]
[WhiteElo "2121"]
[BlackElo "1958"]
[WhiteFideId "44130457"]
[BlackFideId "34115428"]
[EventDate "2023.07.11"]

1. d4 d5 2. c4 dxc4 3. e3 Be6 4. Na3 Nf6 5. Nf3 Bd5 6. Nxc4 e6 7. Be2 c5 8. O-O
Nc6 9. b3 cxd4 10. Nxd4 Bc5 11. Nxc6 Bxc6 12. Bf3 Bxf3 13. Qxf3 Qd5 14. Qg3 Nh5
15. Qg4 Nf6 16. Qg3 b5 17. Ne5 Nh5 18. Qf3 Qxf3 19. gxf3 O-O 20. Nd7 Rfc8 21.
Bb2 f6 22. a4 b4 23. Nxc5 Rxc5 24. Rac1 Rg5+ 25. Kh1 Rf5 26. Kg2 Rg5+ 27. Kh3
Rf5 28. f4 Rd5 29. Rfd1 Rad8 30. Rxd5 Rxd5 31. Bd4 Nxf4+ 32. Kg4 Ne2 33. Rc8+
Kf7 34. Bxa7 h5+ 35. Kf3 Ng1+ 36. Kg2 Rg5+ 37. Kf1 Nf3 38. Ke2 Nxh2 39. Rc5 e5
40. a5 Rg1 41. Bb6 e4 42. Kd2 Nf3+ 43. Kc2 Ne1+ 44. Kd2 Nf3+ 45. Kc2 Ne1+ 46.
Kd2 Nf3+ 1/2-1/2

[Event "Astana Zhuldyzdary Open A"]
[Site "Astana KAZ"]
[Date "2023.07.15"]
[Round "6.40"]
[White "Kenbeilov, Timur"]
[Black "Amirali, Abzal"]
[Result "1/2-1/2"]
[WhiteElo "1989"]
[BlackElo "2062"]
[WhiteFideId "13715755"]
[BlackFideId "13733346"]
[EventDate "2023.07.11"]

1. c4 e6 2. g3 d5 3. Bg2 dxc4 4. Qa4+ Nd7 5. Nf3 a6 6. Nc3 Rb8 7. Qxc4 b5 8. Qb3
Bb7 9. O-O c5 10. d3 Ngf6 11. Bf4 Rc8 12. Rac1 Be7 13. Nd2 Bxg2 14. Kxg2 O-O 15.
Nde4 Nxe4 16. Nxe4 Nb6 17. Be3 Na4 18. Nc3 Nxc3 19. Rxc3 c4 20. dxc4 bxc4 21.
Qa4 Qd5+ 22. Kg1 Bf6 23. Rd1 Qb5 24. Qxb5 axb5 25. Rc2 1/2-1/2

[Event "Astana Zhuldyzdary Open A"]
[Site "Astana KAZ"]
[Date "2023.07.15"]
[Round "6.41"]
[White "Zhakan, Erasyl"]
[Black "Akhilbay, Imangali"]
[Result "1-0"]
[WhiteElo "1813"]
[BlackElo "2049"]
[WhiteFideId "13722271"]
[BlackFideId "13734857"]
[EventDate "2023.07.11"]

1. Nf3 Nf6 2. e3 g6 3. b3 Bg7 4. Bb2 O-O 5. c4 d6 6. Be2 e5 7. d4 Nc6 8. Nc3 Re8
9. dxe5 dxe5 10. Nb5 Nd7 11. O-O e4 12. Nfd4 Nce5 13. Nc3 f5 14. f4 exf3 15.
Bxf3 Nxf3+ 16. Qxf3 c6 17. Rad1 Qe7 18. Rfe1 Ne5 19. Qf1 Ng4 20. Bc1 Qe5 21. g3
a6 22. Na4 c5 23. Nb6 Rb8 24. Nf3 Qc7 25. Nd5 Qc6 26. Qg2 Be6 27. Ng5 Bxd5 28.
cxd5 Qd6 29. Ne6 Bc3 30. Bd2 Be5 31. e4 Rxe6 32. dxe6 Bd4+ 33. Kf1 Rf8 34. e5
Qxe6 35. h3 Nf2 36. Rb1 Ne4 37. Bh6 Rf7 38. Bf4 g5 39. Be3 Qxe5 40. Bxd4 cxd4
41. Rbd1 Nxg3+ 42. Kg1 Ne4 43. Rd3 Rg7 44. Qc2 Rc7 45. Qe2 g4 46. h4 Qf6 47. Qh2
g3 48. Qh3 Rg7 49. Rf3 Rg4 50. Qxg4+ fxg4 51. Rxf6 Nxf6 52. Rd1 Kf7 53. Rxd4 Ke6
54. Kg2 h5 55. Rb4 b5 56. a4 Nd5 57. Re4+ Kf5 58. Re8 bxa4 59. bxa4 Nb6 60. a5 1-0

[Event "Astana Zhuldyzdary Open A"]
[Site "Astana KAZ"]
[Date "2023.07.15"]
[Round "6.42"]
[White "Amirkul, Alimzhan"]
[Black "Bayantas, Asman"]
[Result "0-1"]
[WhiteElo "1975"]
[BlackElo "2046"]
[WhiteFideId "13718428"]
[BlackFideId "13725254"]
[EventDate "2023.07.11"]

1. e4 c6 2. Nf3 d5 3. Nc3 Bg4 4. h3 Bxf3 5. Qxf3 e6 6. d4 Nf6 7. Bg5 Be7 8.
O-O-O dxe4 9. Nxe4 Nxe4 10. Bxe7 Qxe7 11. Qxe4 Nd7 12. f4 Nf6 13. Qe5 Rd8 14.
Bc4 b5 15. Bb3 a5 16. a4 bxa4 17. Bxa4 O-O 18. Qc5 Qc7 19. Rhf1 Rd5 20. Qxc6 Qb8
21. Rd3 Qb4 22. Rfd1 Rd6 23. Qb5 Rb6 24. Qxb4 Rxb4 25. b3 Rc8 26. Kb2 Nd5 27. c3
Rb7 28. Rf3 g6 29. g4 Kg7 30. Kc2 Kf6 31. Kd2 Rd8 32. Ke2 Rc7 33. c4 Nb4 34. Kf2
Rcc8 35. Kg3 Rd6 36. f5 gxf5 37. gxf5 exf5 38. d5 Rg8+ 39. Kh2 Na6 40. Rdf1 Rg5
41. Bc6 Nc5 42. Ra1 Rd8 43. Rxa5 Rdg8 44. Ra2 Ke5 45. b4 Ne4 46. Re2 Rg1 47. Bd7
f4 48. Ra3 Rc1 49. Bg4 Rxc4 50. Ra7 f5 51. Re7+ Kf6 52. Re6+ Kg5 53. Re5 Ng3 54.
Rg2 Kh4 55. Bf3 Rc1 56. Rg1 Nf1+ 57. Kh1 Rxg1+ 58. Kxg1 Kg3 0-1

[Event "Astana Zhuldyzdary Open A"]
[Site "Astana KAZ"]
[Date "2023.07.15"]
[Round "6.43"]
[White "Kuderinov, Kirill"]
[Black "Mukhametkali, Merey"]
[Result "1-0"]
[WhiteTitle "IM"]
[WhiteElo "2386"]
[BlackElo "1923"]
[WhiteFideId "13701568"]
[BlackFideId "13727389"]
[EventDate "2023.07.11"]

1. e4 e5 2. Nf3 Nc6 3. d4 exd4 4. Nxd4 Bc5 5. Nb3 Bb6 6. Nc3 Nge7 7. Bg5 d6 8.
Qd2 Be6 9. Nd5 f6 10. Bh4 O-O 11. a4 Re8 12. Be2 Ng6 13. Bg3 Nce7 14. O-O Bxd5
15. exd5 a5 16. Bb5 Rf8 17. Nd4 Bxd4 18. Qxd4 Nf5 19. Qg4 Nxg3 20. Qxg3 f5 21.
f4 Qf6 22. c3 Ne7 23. Qd3 Qf7 24. Rad1 Kh8 25. Rfe1 Rad8 26. Re2 g6 27. Qc4 c6
28. Qd4+ Kg8 29. dxc6 bxc6 30. Qa7 Rfe8 31. Rde1 Kf8 32. Bd3 Nd5 33. Qxf7+ Kxf7
34. Bc4 Rxe2 35. Rxe2 Kf6 36. Bxd5 cxd5 37. Rd2 Ke6 38. Kf2 Rb8 39. Ke3 Kd7 40.
Kd4 Kc6 41. Re2 Rb7 42. h3 Rb8 43. g3 Rb7 44. g4 fxg4 45. hxg4 Rf7 46. Rf2 Re7
47. f5 gxf5 48. gxf5 Re4+ 49. Kd3 Kd7 50. f6 Ke8 51. Re2 Kf7 52. Rxe4 dxe4+ 53.
Kxe4 h5 54. b4 1-0

[Event "Astana Zhuldyzdary Open A"]
[Site "Astana KAZ"]
[Date "2023.07.15"]
[Round "6.44"]
[White "Danielyan, Vahe"]
[Black "Zvereva, Margarita"]
[Result "0-1"]
[WhiteTitle "IM"]
[BlackTitle "WFM"]
[WhiteElo "2346"]
[BlackElo "1857"]
[WhiteFideId "13304828"]
[BlackFideId "34177741"]
[EventDate "2023.07.11"]

1. e4 c5 2. Nf3 d6 3. d4 cxd4 4. Nxd4 Nf6 5. Nc3 a6 6. Nb3 Qc7 7. Bg5 Nbd7 8.
Qd2 e6 9. f4 Be7 10. Bd3 b6 11. O-O-O Bb7 12. Rhe1 Rc8 13. Kb1 b5 14. Nd4 b4 15.
Nd5 exd5 16. exd5 g6 17. Bf5 Kd8 18. Rxe7 Kxe7 19. Re1+ Kf8 20. Bxd7 Nxd7 21.
Bh6+ Kg8 22. g4 Nf6 23. Nf5 Nxd5 24. Qe2 Bc6 25. Qd2 f6 26. Nd4 Kf7 27. f5 Rhe8
28. Ne6 Qb7 29. h4 Bd7 30. h5 gxf5 31. gxf5 Bxe6 32. Rg1 Rg8 33. fxe6+ Ke7 34.
Rc1 Qb5 35. Qd4 Qc4 36. Qf2 Qg4 37. Qd2 Qf3 38. Qd4 Rg2 39. Qa7+ Nc7 40. a4 Qe4
41. Be3 Kxe6 42. Bb6 Nb5 0-1

[Event "Astana Zhuldyzdary Open A"]
[Site "Astana KAZ"]
[Date "2023.07.15"]
[Round "6.45"]
[White "Nurgaliyeva, Zarina"]
[Black "Temirov, Bakhyt"]
[Result "1-0"]
[WhiteTitle "WFM"]
[BlackTitle "FM"]
[WhiteElo "1921"]
[BlackElo "2166"]
[WhiteFideId "13730096"]
[BlackFideId "13704745"]
[EventDate "2023.07.11"]

1. e4 d5 2. exd5 Qxd5 3. Nc3 Qd6 4. d4 c6 5. Nf3 Nf6 6. Ne5 Nbd7 7. Nc4 Qc7 8.
Qf3 Nb6 9. h3 g6 10. Bf4 Qd8 11. O-O-O Bg7 12. g4 Be6 13. Ne3 Nfd5 14. Ncxd5
Nxd5 15. Bc4 Nxf4 16. Qxf4 Bxc4 17. Nxc4 Qd5 18. b3 h5 19. Ne3 Qa5 20. Kb1 hxg4
21. Qxg4 Rd8 22. Rd3 Bf6 23. Qe4 Rh4 24. Ng4 Bg7 25. Re1 e6 26. c3 Qf5 27. Rf3
Qxe4+ 28. Rxe4 Rd5 29. Ref4 Rf5 30. Rxf5 gxf5 31. Ne3 Bf6 32. Kc2 Bd8 33. Kd3
Bc7 34. Ng2 Rh8 35. Ke2 Ke7 36. a4 Rg8 37. Kf1 a6 38. Ne1 b5 39. axb5 axb5 40.
Nd3 Ra8 41. b4 Ra1+ 42. Kg2 Bd6 43. Nc5 Ra3 44. h4 Ra8 45. Rh3 Rg8+ 46. Kf1 Rh8
47. Nb3 Rh5 48. Kg2 Rh8 49. Rh1 Ra8 50. Na5 Kd7 51. h5 Rh8 52. Kf3 e5 53. Ke3 f6
54. h6 Rh7 55. Rh5 Ke6 56. Nxc6 Bf8 57. Kd3 Rxh6 58. Rxh6 Bxh6 59. Na7 e4+ 60.
Ke2 f4 61. f3 f5 62. Nxb5 Kd5 63. Nc7+ Kc4 64. b5 Bf8 65. b6 Bd6 66. Ne8 Bb8 67.
b7 1-0

[Event "Astana Zhuldyzdary Open A"]
[Site "Astana KAZ"]
[Date "2023.07.15"]
[Round "6.46"]
[White "Erserik, Adlet"]
[Black "Volchkova, Alena"]
[Result "1-0"]
[WhiteElo "1992"]
[BlackElo "1824"]
[WhiteFideId "13709658"]
[BlackFideId "54104408"]
[EventDate "2023.07.11"]

1. d4 Nf6 2. Bf4 c5 3. e3 g6 4. c3 cxd4 5. exd4 Bg7 6. h3 O-O 7. Nd2 Nc6 8. Ngf3
d6 9. Nc4 Be6 10. Qd2 Rc8 11. Ne3 Ne4 12. Qd1 d5 13. Bd3 Nd6 14. Ng5 Qd7 15. O-O
Na5 16. Re1 Nac4 17. Nxe6 fxe6 18. Bxc4 Rxf4 19. Nxd5 Re4 20. Rxe4 Nxe4 21. Ne3
Rf8 22. Qg4 Qc6 23. d5 1-0

[Event "Astana Zhuldyzdary Open A"]
[Site "Astana KAZ"]
[Date "2023.07.15"]
[Round "6.47"]
[White "Akhmedinov, Satbek"]
[Black "Dushatov, Timur"]
[Result "1-0"]
[WhiteTitle "CM"]
[WhiteElo "1974"]
[BlackElo "1989"]
[WhiteFideId "13714287"]
[BlackFideId "13781901"]
[EventDate "2023.07.11"]

1. e4 c6 2. Nf3 d5 3. Nc3 Bg4 4. h3 Bxf3 5. Qxf3 e6 6. d4 dxe4 7. Nxe4 Nd7 8.
Bg5 Ngf6 9. Nxf6+ Nxf6 10. Bxf6 Qxf6 11. Qxf6 gxf6 12. Be2 Bd6 13. O-O-O Ke7 14.
Bf3 Rad8 15. Rhe1 f5 16. c3 Rd7 17. b4 Rc8 18. Kb2 b6 19. a4 a5 20. Kb3 Ra7 21.
Ra1 Kd7 22. Rec1 Ke7 23. Rd1 h6 24. Ra2 Kd7 25. Rb1 Kc7 26. Raa1 axb4 27. cxb4
e5 28. dxe5 Bxe5 29. Ra2 Rd8 30. Rd1 Rxd1 31. Bxd1 Ra8 32. Bc2 Rg8 33. a5 bxa5
34. bxa5 Bd4 35. a6 Rxg2 36. a7 Bxa7 37. Rxa7+ Kd6 38. Rxf7 Rxf2 39. Rf6+ Ke5
40. Rxh6 Kf4 41. Rh5 Ke5 42. Kc3 Kf6 43. Bd3 f4 44. Kd4 Rf3 45. Be4 Rg3 46. Bxc6
Rg5 47. Rh4 Kg7 48. Rxf4 Kh8 49. h4 Rg1 50. Ke5 Re1+ 51. Kf6 Rc1 52. Bd5 Rc5 53.
Kg6 Rc8 54. Rf5 1-0

[Event "Astana Zhuldyzdary Open A"]
[Site "Astana KAZ"]
[Date "2023.07.15"]
[Round "6.48"]
[White "Kolosovskiy, Anton"]
[Black "Tkachyov, Adil"]
[Result "0-1"]
[WhiteElo "1933"]
[BlackElo "1979"]
[WhiteFideId "13705571"]
[BlackFideId "13713558"]
[EventDate "2023.07.11"]

1. c4 Nf6 2. Nc3 g6 3. Nf3 Bg7 4. d4 d6 5. Bg5 O-O 6. e3 Nbd7 7. Be2 b6 8. O-O
Bb7 9. Qc2 a6 10. Rad1 Ra7 11. e4 h6 12. Bf4 c5 13. d5 Ne8 14. a4 Ne5 15. Qc1
Kh7 16. Be3 Nxf3+ 17. Bxf3 e6 18. dxe6 fxe6 19. a5 Bc6 20. b4 Rd7 21. Bg4 cxb4
22. Bxe6 bxc3 23. Bxd7 Qxd7 24. axb6 Bxe4 25. Qa3 Qg4 0-1

[Event "Astana Zhuldyzdary Open A"]
[Site "Astana KAZ"]
[Date "2023.07.15"]
[Round "6.49"]
[White "Smirnov, Mark"]
[Black "Zhaksygulov, Askarbai"]
[Result "1/2-1/2"]
[WhiteTitle "CM"]
[WhiteElo "1931"]
[BlackElo "1974"]
[WhiteFideId "13764594"]
[BlackFideId "13727427"]
[EventDate "2023.07.11"]

1. e4 c6 2. d4 d5 3. Nc3 a6 4. a4 dxe4 5. Nxe4 Bf5 6. Nc5 Qc7 7. Bd3 Bxd3 8.
Nxd3 e6 9. a5 Nf6 10. Nf3 Nbd7 11. b4 Bd6 12. c4 O-O 13. c5 Be7 14. Bf4 Qd8 15.
Qe2 Nd5 16. Bg3 Nc3 17. Qc2 Nb5 18. Rd1 Nf6 19. Nb2 Nd5 20. Qb3 Re8 21. Nc4 Bf8
22. O-O f6 23. Ne3 Qd7 24. Rd3 Rad8 25. Rfd1 g6 26. Nd2 Qf7 27. Nec4 Rd7 28. Ne4
Red8 29. Rf3 Qg7 30. Nb6 Nxd4 31. Rxd4 f5 32. Nxd7 Qxd4 33. Nef6+ Nxf6 34. Rd3
Qa1+ 35. Rd1 Qxd1+ 36. Qxd1 Rxd7 37. Qe2 Kf7 38. h3 Ne4 39. Bf4 Bg7 40. f3 Nc3
41. Qc2 Rd1+ 42. Kh2 Bd4 43. Be3 Bxe3 44. Qxc3 f4 45. h4 Bf2 46. g4 fxg3+ 47.
Kg2 Rg1+ 48. Kh3 Rh1+ 49. Kg2 Rxh4 50. Qe5 Rh2+ 51. Kf1 Rh1+ 52. Kg2 Rh2+ 53.
Kf1 Rh5 54. Qf4+ Kg7 55. Qc7+ Kh6 56. Qf4+ Kg7 57. Qc7+ Kf6 58. Qf4+ Rf5 59.
Qh4+ Kg7 60. Kg2 g5 61. Qh5 h6 62. Qe8 Kf6 63. Qf8+ Kg6 64. Qe7 Rf6 65. Qxb7 h5
66. Qxc6 g4 67. fxg4 h4 68. Qe4+ Kg5 69. c6 Ba7 70. Kh3 Rf2 71. Qe5+ Kg6 72.
Qxe6+ Kg5 73. Qe5+ Kg6 74. Qe6+ Kg5 75. Qe5+ 1/2-1/2